Теория и практика трудовой школы в Германии. Вып.3: Земледелие (Запись № 13493433)

Подробности
000 -МАРКЕР
контрольное поле 01049nam2a22002531 4500
001 - ИДЕНТИФИКАТОР ЗАПИСИ
контрольное поле RU\NLR\A1SV\150239
005 - ИДЕНТИФИКАТОР ВЕРСИИ
контрольное поле 20251214193003.0
035 ## - ДРУГИЕ СИСТЕМНЫЕ НОМЕРА
Идентификатор записи (NLR Aleph) 011852073
100 ## - ДАННЫЕ ОБЩЕЙ ОБРАБОТКИ
Данные общей обработки 20181019d1924 u y0rusy50 ca
101 0# - ЯЗЫК РЕСУРСА
Язык текста, звукозаписи и т.д. русский
200 1# - ЗАГЛАВИЕ И СВЕДЕНИЯ ОБ ОТВЕТСТВЕННОСТИ
Основное заглавие Земледелие
Первые сведения об ответственности Т.Штюблер
Основное заглавие произведения другого автора Природоведение
Первые сведения об ответственности М.Кестнер
Основное заглавие произведения другого автора Физика
Первые сведения об ответственности М.Ланггут
Основное заглавие произведения другого автора Химия и минералогия
Первые сведения об ответственности М.Миттаг и Х.Шефер
215 ## - ФИЗИЧЕСКАЯ ХАРАКТЕРИСТИКА
Специфическое обозначение материала и объем 120 с.
Другие сведения о физической характеристике ил.
461 #1 - УРОВЕНЬ НАБОРА
Встроенное поле 001RU\NLR\A1SV\146748
-- 2000#$vВып.3
Системный номер (АБИС) связанной записи 11203475
Место публикации М.
Дата публикации [1924]
Первые сведения об ответственности Пабст А., Ресгер К., Бец К., Лангутт М., Штюблер Г. и др.
Имя издателя, распространителя и т.д. Гос. изд-во
Сведения, относящиеся к заглавию Сб. ст.
Заглавие Теория и практика трудовой школы в Германии
Номер тома Вып.3
702 #1 - ИМЯ ЛИЦА - ВТОРИЧНАЯ ОТВЕТСТВЕННОСТЬ
Начальный элемент ввода Штюблер
Часть имени, кроме начального элемента ввода Г.
702 #1 - ИМЯ ЛИЦА - ВТОРИЧНАЯ ОТВЕТСТВЕННОСТЬ
Начальный элемент ввода Кестнер
Часть имени, кроме начального элемента ввода М.
702 #1 - ИМЯ ЛИЦА - ВТОРИЧНАЯ ОТВЕТСТВЕННОСТЬ
Начальный элемент ввода Миттаг
Часть имени, кроме начального элемента ввода М.
702 #1 - ИМЯ ЛИЦА - ВТОРИЧНАЯ ОТВЕТСТВЕННОСТЬ
Начальный элемент ввода Шефер
Часть имени, кроме начального элемента ввода Х.
801 #0 - ИСТОЧНИК ЗАПИСИ
Страна Российская Федерация
Организация NLR
Дата составления 20181019
852 ## - МЕСТОНАХОЖДЕНИЕ И ШИФР ХРАНЕНИЯ
Идентификатор организации NLR
942 ## - ДОПОЛНИТЕЛЬНЫЕ ЭЛЕМЕНТЫ ЗАПИСИ (АБИС)
Тип экземпляра АБИС Книга
980 ## - КОЛЛЕКЦИЯ
Название коллекции Международный сводный каталог русской книги (1918-1926)
980 ## - КОЛЛЕКЦИЯ
Название коллекции Национальная библиография

Нет доступных экземпляров.